| 000 | 00488 a2200169 4500 | ||
|---|---|---|---|
| 003 | Nust | ||
| 005 | 20170207153540.0 | ||
| 040 | _cNust | ||
| 082 | _a005.1 | ||
| 100 | _aSaeed, Syed Irfan BESE-12 | ||
| 245 |
_aInteractive Digital Office Automation System Mapper- IDIOM (Hard / Soft-copy) _c Maj Syed Irfan Saeed and Maj Mujtaba Anwar Raja BESE-12 |
||
| 260 |
_bMCS _cJuly 2010 |
||
| 300 | _a62:p | ||
| 538 | _aAlmirah No 71 Shelf No 6 | ||
| 650 | _aUG Projects | ||
| 651 | _aUG CS Projects | ||
| 942 | _cPRG | ||
| 999 |
_c188376 _d188376 |
||